000 01130nam0a22003011 4500
001 rc\2775965
005 20260406095952.0
035 _a(NLR Aleph) 006902255
090 _a7259897
_c7259897
100 _a20110915d1941 u y0rusy50 ca
101 0 _arus
102 _aRU
105 _ac z |||||
200 1 _aИзбранные сочинения
_fМикаел Налбандян
_gРед. и предисл. Х. Саркисяна
210 _aЕреван
_cАрмгиз
_d1941
215 _a365, [3] с.
_cпортр.
_d20 см.
225 1 _aАрмянская литература
300 _aПарал. тит. л. на арм. яз.
700 1 _7ca
_8rus
_aНалбандян
_bМ. Л.
_f1829-1866
_gМикаэл Лазаревич
_92692151
_3RU\NLR\AUTH\770288403
702 1 _aСаркисян
_bХ.
_4340
_4080
801 0 _aRU
_bNLR
_gpsbo
801 1 _aRU
_bELAR
_2rusmarc
852 _aNLR
_jЛ40 Г-3/34
942 _cBOOK
945 _aРоссийская национальная библиотека
_aНациональная библиотека Армении
980 _aNB
980 _aBV